000 00730nam a2200217Ia 4500
999 _c7145
_d7145
003 GBCCL
005 20241126110621.0
008 180713b ||||| |||| 00| 0 eng d
020 _a0830724095
020 _a9780830724093
040 _cgbc
082 _a268.432
_bPUL
245 _aGod's word for a Jr. High world. Teachings of Jesus
_cTim Baker, author ; Kara Eckmann Powell, general editor.
260 _aVentura :
_b Gospel Light,
_c ©1999
300 _a94 pages : illustrations ;
_c28 cm
440 _aPulse 4
_912637
650 _aJesus Christ -- Parables -- Study and teaching.
_912638
650 _aJesus Christ -- Teachings.
_912639
650 _aBible. -- Gospels -- Study and teaching.
_912636
942 _2ddc
_cBK